000 00168nam a22000857a 4500
082 _a621.37KOR
100 _aKoritsky Y U
245 _aElectrical engineering
942 _cBK
999 _c15231
_d15231